World Capitals Closest to Addis Ababa - Two Minute Sprint - Statistics

General Stats
  • This quiz has been taken 64 times
  • The average score is 14 of 20
Answer Stats
km capital miles % Correct
2469 Cairo 1534
95%
1161 Nairobi 722
88%
560 Djibouti 348
85%
1063 Mogadishu 660
85%
989 Khartoum 615
83%
1183 Kampala 735
78%
1554 Kigali 966
78%
706 Asmara 439
77%
914 Juba 568
77%
1937 Riyadh 1203
75%
2290 Bangui 1423
73%
925 Sana'a 575
73%
1720 Dodoma 1069
72%
1695 Gitega 1053
68%
2393 Victoria 1487
57%
2389 Abu Dhabi 1484
52%
2264 Doha 1407
50%
2289 Manama 1422
47%
2357 Moroni 1465
43%
2465 Kuwait City 1531
42%
No matching quizzes found
Score Distribution
Percent of People with Each Score
Percentile by Number Answered
Your Score History
You have not taken this quiz